000 00788nam a22002417a 4500
003 UA-OsUOA
001 73899
007 ta
008 20110321b un ||||| |||| 00| 0 ukr d
100 _aФоменко Б.
090 _a811.161.2'374
_bФ76
942 _cBK
040 _aUA-OsUOA
_bukr
_cUA-OsUOA
_dUA-OsUOA
245 _aСпілкування без вагання
_bпрактичний словник української розмовної лексики
300 _a232 с.
955 _a2
041 _aukr
080 _a811.161.2'374
020 _a978-966-372-391-4
260 _aХарків
_bМайдан
_c2010
650 7 _a8 Мовознавство. Художня література. Літературознавство
_2UDC
999 _c360186
_d360186